| 000 | 00341nam a2200133Ia 4500 | ||
|---|---|---|---|
| 008 | 240624s9999 xx 000 0 und d | ||
| 041 | _aeng | ||
| 082 | _a307.1 HIR | ||
| 100 | _aHIRANO MAKOTO | ||
| 245 | _aREGIONAL DEVELOPMENT THROUGH ECOLOGICAL | ||
| 260 |
_c2014 _aLondon _bRoutledge |
||
| 300 | _axv, 103 p.; 23 cm. | ||
| 365 |
_cBPS _b31 |
||
| 999 |
_c32060 _d32060 |
||